000 00902nam a2200289 i 4500
001 000011269
003 DO-SdBNP
005 20250204073951.0
007 ta
008 091015s2000 dr a 001 0 spa d
020 _a9993481203
040 _aDO-SdBNP
_bspa
_cBNPHU
_erda
049 _aBNPD
082 4 _222
245 0 3 _aEl quintana de oro /
_cprólogo Mariano Lebrón Saviñón; compiladora Evalina Estrella.
264 1 _aSanto Domingo :
_bAPEC,
_c2000.
300 _a197 páginas :
_bilustraciones ;
_c22 cm.
336 _2rdacontent
_atexto
_btxt
337 _2rdamedia
_asin mediación
_bn
338 _2rdacarrier
_avolumen
_bnc
590 _aInventariado, 2023/BT
700 1 _aLebrón Saviñon, Mariano
_d1922-2014
_eprólogo
_97227
700 1 _aEstrella, Evalina,
_ecompiladora
_926843
710 2 _aAcción Proeducación y Cultura
_926844
910 _aBtavárez
942 _2ddc
_cLBS1
999 _c10986
_d10986